000 00764nam a2200229 a 4500
005 20240615063640.0
008 030826s1996 mx r 000 0 spa d
020 _a9701008138
035 _aUPN01000128184
049 _aCG
050 4 _aRC454
_bS9.2
100 1 _aSue, David
245 1 0 _aComportamiento anormal /
_cDavid Sue, Derald Sue, Stanley Sue ; tr. Jorge Alberto Velázquez Arellano.
260 _aMéxico :
_bMcGraw-Hill,
_cc1996.
300 _a608, 114 p. :
_bil., cuadros
534 _pTraducido de la cuarta edición en inglés de:
_tUnderstanding abnormal behavior
650 2 _aTrastornos de la conducta
_912938
650 7 _aPsicopatología
_2
_945619
700 1 _aSue, Derald,
_ecoaut.
700 1 _aSue, Stanley,
_ecoaut.
905 _aLibro
999 _c100363
_d100363